សិក្សាសង្គម ថ្នាក់ទី ៥ / (Record no. 9162)

MARC details
000 -LEADER
fixed length control field 01923nam a22002297a 4500
001 - CONTROL NUMBER
control field 9162
003 - CONTROL NUMBER IDENTIFIER
control field FISKH
005 - DATE AND TIME OF LATEST TRANSACTION
control field 20251126113258.0
008 - FIXED-LENGTH DATA ELEMENTS--GENERAL INFORMATION
fixed length control field 251126b cb ||||| |||| 00| 0 eng d
020 ## - INTERNATIONAL STANDARD BOOK NUMBER
International Standard Book Number 9789995001322
040 ## - CATALOGING SOURCE
Original cataloging agency FISKH
Language of cataloging khr
Transcribing agency FISKH
Modifying agency FISKH
082 ## - DEWEY DECIMAL CLASSIFICATION NUMBER
Classification number 372.83
100 ## - MAIN ENTRY--PERSONAL NAME
Personal name Sophy , Van
245 ## - TITLE STATEMENT
Title សិក្សាសង្គម ថ្នាក់ទី ៥ /
Statement of responsibility, etc. គណះកម្មការនិពន្ធ លោកស្រី វ៉ាន់ សុភី , លោក ងិន សុតារា , លោក គង់ ហាក់ និង លោក យិន សុធា
260 ## - PUBLICATION, DISTRIBUTION, ETC.
Place of publication, distribution, etc. ភ្នំពេញ :
Name of publisher, distributor, etc. គ្រឹះស្ថានបោះពុម្ពនិងចែកផ្សាយ ,
Date of publication, distribution, etc. 2021.
300 ## - PHYSICAL DESCRIPTION
Extent 124 pages :
Other physical details illustrations ;
Dimensions 25 cm .
520 ## - SUMMARY, ETC.
Summary, etc. សៀវភៅនេះមានរូបភាពនិងខ្លឹមសារដែលបង្ហាញពីតម្លៃសីលធម៍ វប្បធម៏ ប្រពៃណីជាតិ ប្រវត្តិសាស្រ្ត ភូមិសាស្រ្តដើម្បីអោយប្អូនៗងាយសិក្សានិងងាយអនុវត្តព្រោះប្អូនអាចធ្វើលំហាត់ ធ្វើការសន្ទនា ស្រាវជ្រាវពត៏មានប្លែកៗ និងពណ៏នាពី​ខ្លឹមសារមេរៀនដោយខ្លួនឯងបាន​ ។
520 ## - SUMMARY, ETC.
Summary, etc. “This book contains illustrations and content that present moral values, culture, national traditions, history, and geography, making it easier for students to learn and apply. Students can do exercises, engage in conversations, research different information, and describe the lesson content on their own.”
700 ## - ADDED ENTRY--PERSONAL NAME
Personal name Sovanna, Long
Relator term Illustrator
942 ## - ADDED ENTRY ELEMENTS (KOHA)
Source of classification or shelving scheme Dewey Decimal Classification
Koha item type Khmer Books
Suppress in OPAC No
Holdings
Withdrawn status Lost status Source of classification or shelving scheme Damaged status Not for loan Collection Home library Current library Shelving location Date acquired Total Checkouts Full call number Barcode Date last seen Price effective from Koha item type
    Dewey Decimal Classification     Reference Footprints International School Library Network Toul Tom Poung Campus Footprints International School Library Network Toul Tom Poung Campus Librarian's Shelf TTP 11/26/2025   SOP 372.83 2025-4912 11/26/2025 11/26/2025 Khmer Books